000 00531nam a2200181 a 4500
005 20210219153130.0
008 991125n 000 0 spa u
035 _aUPN01000079475
222 _aEDUCACION Y BIBLIOTECA : REVISTA MENSUAL DE DOCUMENTACION Y RECURSOS DIDACTICOS
245 _aFlashes desde la gran biblioteca de Bolonia
300 _a18-19
362 _a1996 Año 8, no. 68, may.
653 0 _aBOLONIA
653 0 _aFERIAS DE LIBROS
653 0 _aLIBROS INFANTILES
904 _aAC
_b017286
905 _aArticulo
999 _c69061
_d69061